Library Logo

Pioneer International University Library Catalogue

MTAALA WA KIUMILISI (Record no. 10025)

MARC details
000 -LEADER
fixed length control field 00445nam a22001577a 4500
003 - CONTROL NUMBER IDENTIFIER
control field OSt
005 - DATE AND TIME OF LATEST TRANSACTION
control field 20260401115948.0
008 - FIXED-LENGTH DATA ELEMENTS--GENERAL INFORMATION
fixed length control field 260401b |||||||| |||| 00| 0 eng d
020 ## - INTERNATIONAL STANDARD BOOK NUMBER
International Standard Book Number 9789914735055
040 ## - CATALOGING SOURCE
Transcribing agency MENTOR PUBLISHING COMPANY LIMITED
050 ## - LIBRARY OF CONGRESS CALL NUMBER
Classification number PL 8701 .L83 2025
245 ## - TITLE STATEMENT
Title MTAALA WA KIUMILISI
Remainder of title KIELEKEZI CHA KISWAHILI
Statement of responsibility, etc. LUBANGA, C
250 ## - EDITION STATEMENT
Edition statement 1ST ED
260 ## - PUBLICATION, DISTRIBUTION, ETC.
Place of publication, distribution, etc. KENYA
Name of publisher, distributor, etc. MENTOR PUBLISHING CO. LTD
Date of publication, distribution, etc. 2025
942 ## - ADDED ENTRY ELEMENTS (KOHA)
Source of classification or shelving scheme Dewey Decimal Classification
Koha item type Books
Suppress in OPAC No
Holdings
Withdrawn status Lost status Source of classification or shelving scheme Damaged status Not for loan Home library Current library Date acquired Inventory number Total checkouts Barcode Date due Date last seen Date last checked out Price effective from Koha item type
    Library of Congress Classification     PIU Library PIU Library 04/01/2026 7449 1 PIUKICD1049 04/02/2026 04/02/2026 04/02/2026 04/01/2026 Books